宮城県の市町村(1968年) - Statistics

General Stats
  • This quiz has been taken 23 times
  • The average score is 42 of 74
Answer Stats
コード 市町村 備考 % Correct
04201 仙台市 1989年政令指定
100%
04207 名取市
88%
04202 石巻市
81%
04203 塩竈市
81%
04206 白石市
81%
04204 古川市 2006年消滅
75%
04205 気仙沼市
75%
04208 角田市
75%
04381 名取郡岩沼町 1971年昇格
63%
04401 宮城郡松島町
63%
04403 宮城郡泉町 1971年昇格
63%
04404 宮城郡七ヶ浜町
63%
04406 宮城郡利府町
63%
04421 黒川郡大和町
63%
04423 黒川郡富谷町 2016年昇格
63%
04424 黒川郡大衡村
63%
04441 加美郡中新田町 2003年消滅
63%
04444 加美郡色麻村 1978年昇格
63%
04481 玉造郡岩出山町 2006年消滅
63%
04482 玉造郡鳴子町 2006年消滅
63%
04501 遠田郡涌谷町
63%
04503 遠田郡小牛田町 2006年消滅
63%
04523 栗原郡栗駒町 2005年消滅
63%
04526 栗原郡瀬峰町 2005年消滅
63%
04542 登米郡登米町 2005年消滅
63%
04301 刈田郡蔵王町
56%
04302 刈田郡七ヶ宿町
56%
04402 宮城郡多賀城町 1971年昇格
56%
04422 黒川郡大郷町
56%
04443 加美郡宮崎町 2003年消滅
56%
04463 志田郡鹿島台町 2006年消滅
56%
04502 遠田郡田尻町 2006年消滅
56%
04504 遠田郡南郷町 2006年消滅
56%
04524 栗原郡高清水町 2005年消滅
56%
04527 栗原郡鶯沢町 2005年消滅
56%
04529 栗原郡志波姫町 2005年消滅
56%
04530 栗原郡花山村 2005年消滅
56%
04541 登米郡迫町 2005年消滅
56%
04562 桃生郡矢本町 2005年消滅
56%
04565 桃生郡桃生町 2005年消滅
56%
04321 柴田郡大河原町
50%
04322 柴田郡村田町
50%
04323 柴田郡柴田町
50%
04324 柴田郡川崎町
50%
04341 伊具郡丸森町
50%
04361 亘理郡亘理町
50%
04362 亘理郡山元町
50%
04382 名取郡秋保町 1988年消滅
50%
04405 宮城郡宮城町 1987年消滅
50%
04442 加美郡小野田町 2003年消滅
50%
04461 志田郡松山町 2006年消滅
50%
04462 志田郡三本木町 2006年消滅
50%
04521 栗原郡築館町 2005年消滅
50%
04525 栗原郡一迫町 2005年消滅
50%
04528 栗原郡金成町 2005年消滅
50%
04543 登米郡東和町 2005年消滅
50%
04544 登米郡中田町 2005年消滅
50%
04547 登米郡石越町 2005年消滅
50%
04548 登米郡南方町 2005年消滅
50%
04561 桃生郡河北町 2005年消滅
50%
04563 桃生郡雄勝町 2005年消滅
50%
04564 桃生郡河南町 2005年消滅
50%
04566 桃生郡鳴瀬町 2005年消滅
50%
04567 桃生郡北上町 2005年消滅
50%
04581 牡鹿郡女川町
50%
04582 牡鹿郡牡鹿町 2005年消滅
50%
04601 本吉郡志津川町 2005年消滅
50%
04603 本吉郡本吉町 2009年消滅
50%
04605 本吉郡歌津町 2005年消滅
50%
04522 栗原郡若柳町 2005年消滅
44%
04546 登米郡米山町 2005年消滅
44%
04602 本吉郡津山町 2005年消滅
44%
04604 本吉郡唐桑町 2006年消滅
44%
04545 登米郡豊里町 2005年消滅
38%
No matching quizzes found
Score Distribution
Percent of People with Each Score
Percentile by Number Answered
Your Score History
You have not taken this quiz